Maverick (Record no. 88437)

MARC details
000 -LEADER
fixed length control field 00447nam a2200181Ia 4500
008 - FIXED-LENGTH DATA ELEMENTS--GENERAL INFORMATION
fixed length control field 230125s9999 xx 000 0 und d
041 ## - LANGUAGE CODE
Language code of text/sound track or separate title eng
082 ## - DEWEY DECIMAL CLASSIFICATION NUMBER
Classification number 823
Item number SEM
100 ## - MAIN ENTRY--PERSONAL NAME
Personal name Semler R
9 (RLIN) 111510
245 ## - TITLE STATEMENT
Title Maverick
260 ## - PUBLICATION, DISTRIBUTION, ETC. (IMPRINT)
Date of publication, distribution, etc. 1993
Name of publisher, distributor, etc. Arrow publication
300 ## - PHYSICAL DESCRIPTION
Extent 324p
500 ## - GENERAL NOTE
Keywords Leadership
500 ## - GENERAL NOTE
Keywords Literature;Novels;English Literature
650 ## - SUBJECT ADDED ENTRY--TOPICAL TERM
Topical term or geographic name as entry element English Literature
700 ## - ADDED ENTRY--PERSONAL NAME
Personal name Semler R
9 (RLIN) 111510
Holdings
Withdrawn status Lost status Damaged status Not for loan Home library Current library Date acquired Vendor Cost, normal purchase price Total Checkouts Full call number Barcode Date last seen Cost, replacement price Bill Date Koha item type Original Barcode
        Smt. Hiraben Nanavati Institute of Management & Research for Women Smt. Hiraben Nanavati Institute of Management & Research for Women 23/03/2002 Crossword 335.00   823 SEM B03025 HIMR-BK-3025 25/01/2023 335.00 23/03/2002 Books B03025